Trasa Linii LR0 (MPK KRAKÓW) - Statystyki

Ogólne statystyki
  • Ten quiz został rozwiązany 13 razy
  • Średni wynik to 13 z 16
Statystyki odpowiedzi
Lp. Ulica Przystanek % Poprawnych
4. al. Krasińskiego Jubilat
100%
1. Barska Os. Podwawelskie
100%
2. Monte Cassino Konopnickiej Rondo Grunwaldzkie
100%
6. Czarnowiejska Czarnowiejska
92%
5. al. Mickiewiczaal. Krasińskiego Muzeum Narodowe
92%
9. JasnogórskaArmii Krajowej Rondo Ofiar Katynia
92%
12. (NŻ) Biały Kościół os. Murownia Biały Kościół Murownia
85%
16. Ojców Ojców Zamek
85%
3. ↓ Konopnickiej Rondo Grunwaldzkie
85%
8. Armii Krajowej Bronowice SKA
77%
10. (NŻ) Szyce ul. Olkuska Szyce Wesoła
77%
14. Sąspów Sąspów Cmentarz
69%
15. Ojców Ojców Złota Góra
62%
13. (NŻ) Czajowice ul. Ojcowska Czajowice Władysława Łokietka
54%
7. Nawojki Miasteczko Studenckie AGH
54%
11. (NŻ) Biały Kościół ul. Krakowska Biały Kościół Dolina Kluczwody
38%
Nie znaleziono quizów pasujących do podanych kryteriów
Rozkład punktacji
Procent ludzi z każdym wynikiem
Percentyl według liczby udzielonych odpowiedzi
Twoja historia wyników
Nie rozwiązałeś tego quizu